[Event "FRA-chT4 0809"]
[Site "France "]
[Date "2009.04.06"]
[Round "7.7"]
[White "Gayraud, Christian"]
[Black "Lopez, Alexandre"]
[Result "0-1"]
[WhiteElo "1500"]
[BlackElo "1499"]
[PlyCount "122"]
[EventDate "2008.10.??"]
[EventType "team-tourn"]
[EventRounds "9"]
[EventCountry "FRA"]
[SourceTitle "EXT 2010"]
[Source "ChessBase"]
[SourceDate "2010.11.25"]
[SourceVersion "1"]
[SourceVersionDate "2010.11.25"]
[SourceQuality "1"]

1. e4 c6 2. d4 d5 3. e5 c5 4. Nf3 Bg4 5. c3 Nc6 6. Be2 e6 7. dxc5 Bxc5 8. b4 Bb6 9. Bf4 d4 10. a3 Rc8 11. 0-0 dxc3 12. Nxc3 Nd4 13. Nb5 Nxe2+ 14. Qxe2 Bc7 15. Rad1 Qe7 16. Nxa7 Rd8 17. Rxd8+ Qxd8 18. Rd1 Qb8 19. Nb5 f6 20. Nxc7+ Qxc7 21. Qb5+ Kf8 22. Qc5+ Qxc5 23. bxc5 Ke7 24. Rd6 g5 25. exf6+ Nxf6 26. Bxg5 Bxf3 27. gxf3 Rg8 28. h4 h6 29. f4 hxg5 30. fxg5 Ne4 31. Rd4 Nxc5 32. f4 Rh8 33. f5 exf5 34. Rd5 Nd7 35. Rxf5 Rxh4 36. Kg2 Ke6 37. Rb5 b6 38. Kg3 Ra4 39. Rb3 Kf5 40. Rb5+ Kg6 41. Rd5 Rxa3+ 42. Kf4 Ra4+ 43. Ke3 Ra7 44. Kd4 Rb7 45. Kc4 Rc7+ 46. Kb5 Rc5+ 47. Rxc5 bxc5 48. Kc4 Kxg5 49. Kd5 Kf4 50. Kc4 Ke5 51. Kd3 Nb6 52. Kc3 Kd5 53. Kd3 c4+ 54. Kc3 Na4+ 55. Kc2 Kd4 56. Kd2 c3+ 57. Kc2 Ke3 58. Kc1 Kd3 59. Kd1 Nc5 60. Kc1 Nb3+ 61. Kb1 c2+ 0-1